000 00615nam a2200217 a 4500
001 BRCA_6692
005 20190320205545.0
008 171011s1895----be-ag#####---#000-0#ger-#
041 _ager
044 _abe
050 4 _aML3807
_b.A45
_c1895
245 1 0 _aAllgemeine Musiklehre
_bfür seminaristen, Tsräparanden un Musikschüler
_cvon Leopold Heinze
250 _a13
260 _aBreslau, Bélgica
_bHeinrich Handel´s
_c1895
300 _a[56] p.
_bil., pentagramas
_c21 cm.
500 _aI75
650 1 4 _aMúsica
_vPentagramas
_916731
700 1 _aHeinze, Leopold
_916732
902 _aGFM
942 _2lcc
_cB
999 _c6375
_d6375